000
00261nam a2200109Ia 4500
008
220204s9999 xx 000 0 und d
082
_a
82-3
_b
COW
100
_a
Cowasjee, S
245
0
_a
Nude therapy
260
_a
New Delhi
_b
Orient Paperbacks
_c
1978
942
_c
BK
999
_c
28794
_d
28794